Introducción a Santa Teresa / (Record no. 109412)

MARC details
000 -LEADER
campo de control de longitud fija 00676nam a2200205 4500
001 - NÚMERO DE CONTROL
campo de control 109412
003 - IDENTIFICADOR DE NÚMERO DE CONTROL
campo de control ES-MaACL
005 - FECHA Y HORA DE LA ÚLTIMA TRANSACCIÓN
campo de control 20230906184834.0
007 - CAMPO FIJO DE DESCRIPCIÓN FÍSICA--INFORMACIÓN GENERAL
campo de control de longitud fija t|
008 - DATOS DE LONGITUD FIJA--INFORMACIÓN GENERAL
campo de control de longitud fija 061121s1981 ck r ||||1| spa d
100 1# - ENTRADA PRINCIPAL--NOMBRE DE PERSONA
Nombre de persona Mújica, Elisa.
9 (RLIN) 84088
245 10 - MENCIÓN DEL TÍTULO
Título Introducción a Santa Teresa /
Mención de responsabilidad, etc. Elisa Mújica.
260 ## - PUBLICACIÓN, DISTRIBUCIÓN, ETC.
Lugar de publicación, distribución, etc. Bogotá :
Nombre del editor, distribuidor, etc. Instituto Colombiano de Cultura Hispánica,
Fecha de publicación, distribución, etc. 1981.
300 ## - DESCRIPCIÓN FÍSICA
Extensión 162 p., 5 lám ;
Dimensiones 24 cm.
595 ## -
-- Ed. del Cuarto Centenario de la Santa de Ávila.
600 00 - PUNTO DE ACCESO ADICIONAL DE MATERIA--NOMBRE DE PERSONA
Nombre de persona Teresa de Jesús,
Títulos y otros términos asociados al nombre Santa,
Fechas asociadas al nombre 1515-1582
9 (RLIN) 226510
710 2# - ENTRADA AGREGADA--NOMBRE DE ENTIDAD CORPORATIVA
Nombre de entidad corporativa o nombre de jurisdicción como elemento de entrada Instituto Colombiano de Cultura Hispánica.
9 (RLIN) 4815
852 ## - LOCALIZACIÓN
Ubicación ES-MaACL
Número de control de estantería L-5109
Holdings
Estatus retirado Estado de pérdida Estado de daño No para préstamo Biblioteca de origen Biblioteca actual Ubicación en estantería Fecha de adquisición Fuente de adquisición Total de préstamos Signatura topográfica completa Código de barras Visto por última vez Precio de reemplazo Tipo de ítem Koha
        Biblioteca del Ateneo de Madrid Biblioteca del Ateneo de Madrid Depósito 2 17/01/2008     L-5109 1114162 23/02/2023 23/02/2023 Libro impreso